MARC

LEADER 00000nam0a2200000 4500
001 35534
005 20231030234000.0
035 |a (RuTPU)RU\TPU\book\35968 
035 |a BOOK00002620 
090 |a 35534 
100 |a 20011210d1969 m y0rusy50 ca 
101 0 |a rus 
102 |a RU 
105 |a y g 000zy 
200 1 |a Справочник по водоподготовке котельных установок малой мощности  |f О. В. Лившиц 
210 |a Москва  |c Энергия  |d 1969 
215 |a 144 с. 
610 1 |a котельные установки 
610 1 |a водные режимы 
610 1 |a водоподготовительные установки 
610 1 |a паровые котлы 
610 1 |a проектирование 
610 1 |a теплоснабжение 
610 1 |a справочники 
675 |a 621.187.12(035)  |v 3 
700 1 |a Лифшиц  |b О. В.  |g Ольга Васильевна 
801 0 |a RU  |b 63413507  |c 20011210  |g PSBO 
801 2 |a RU  |b 63413507  |c 20201202  |g PSBO 
900 |a Методы анализа природной и технологической воды 
900 |a Водоподготовка для ТЭС 
900 |a Обработка воды на АЭС 
942 |c BK